|
|
|
|
| LEADER |
01011nam a2200277 a 4500 |
| 001 |
13481762 |
| 008 |
101227s2005 nyua b 001 0 eng d |
| 010 |
|
|
|a 2004101716
|
| 020 |
|
|
|a 1403948763
|
| 020 |
|
|
|a 0716743396
|
| 040 |
|
|
|a DLC
|c DLC
|d DLC
|d BD-DhAAL
|
| 082 |
0 |
0 |
|a 572
|2 22
|
| 100 |
1 |
|
|a Lehninger, Albert L.
|
| 245 |
1 |
0 |
|a Lehninger principles of biochemistry /
|c David L. Nelson, Michael M. Cox.
|
| 246 |
3 |
0 |
|a Principles of biochemistry
|
| 250 |
|
|
|a 4th ed.
|
| 260 |
|
|
|a New York :
|b W.H. Freeman,
|c c2005.
|
| 300 |
|
|
|a 1 v. (various pagings) :
|b ill. (some col.) ;
|c 29 cm.
|
| 504 |
|
|
|a Includes bibliographical references and index.
|
| 541 |
1 |
|
|e 00016265
|
| 650 |
|
0 |
|a Biochemistry.
|
| 700 |
1 |
|
|a Nelson, David L.
|q (David Lee),
|d 1942-
|
| 700 |
1 |
|
|a Cox, Michael M.
|
| 852 |
4 |
|
|a Ayesha Abed Library
|c General Shelf.
|
| 999 |
|
|
|c 10236
|d 10236
|
| 952 |
|
|
|0 0
|1 0
|2 ddc
|4 0
|6 572_LEH
|7 0
|9 13671
|a BRACUL
|b BRACUL
|c GEN
|d 2010-12-27
|l 30
|m 235
|o 572 LEH
|p 3010016265
|q 2026-05-21
|r 2026-02-19
|s 2026-02-19
|t 1
|w 2010-12-27
|y BK
|